000 00246nam a22000977a 4500
999 _c11814
_d11814
008 200224b ||||| |||| 00| 0 eng d
020 _a0590338927
100 _aRey,H.A.
_97493
245 _aCurious George Takes a Job
260 _aNew York
_bScholastic